Organismos internacionales
Na minha lista:
| Autor principal: | |
|---|---|
| Formato: | Livro |
| Idioma: | espanhol |
| Publicado em: |
Santiago
Jurídica de Chile
1991
|
| Edição: | 2a. ed |
| Assuntos: | |
| Tags: |
Adicionar Tag
Sem tags, seja o primeiro a adicionar uma tag!
|
MARC
| LEADER | 00000nam a2200000 a 4500 | ||
|---|---|---|---|
| 001 | UCY9310 | ||
| 003 | CL-VaPUC | ||
| 008 | 950713e19910000CL |||||||||||||||||spa|d | ||
| 082 | 0 | 4 | |a 341.2 |b FIG |2 21 |
| 100 | 0 | |a Figueroa Pla, Uldaricio |e author |9 341379 | |
| 245 | 1 | 0 | |a Organismos internacionales |
| 250 | |a 2a. ed | ||
| 300 | |a 944 p | ||
| 942 | |c BK | ||
| 945 | |d 19950713 00:00:00 |a aalvarez | ||
| 260 | |a Santiago |b Jurídica de Chile |c 1991 | ||
| 600 | 0 | 7 | |a NACIONES UNIDAS |2 CL-VaPUC |9 255446 |
| 600 | 0 | 7 | |a LIGAS DE ESTADOS ARABES |2 CL-VaPUC |9 341380 |
| 650 | 7 | |a ORGANISMOS INTERNACIONALES |2 CL-VaPUC |9 255448 | |
| 583 | |a last modification |c 19950713 00:00:00 |k Rodrigo Vera | ||
| 999 | |c 236431 |d 236429 | ||
| 952 | |0 0 |1 0 |4 0 |6 341_200000000000000_FIG_1991 |7 0 |8 A |9 244515 |a BIBDER |b BIBDER |d 2019-11-18 |i 310849K |o 341.2 FIG 1991 |p 310849K |r 2023-01-25 |w 2019-11-18 |y BK |k DER | ||